000 00842cam a2200241 4500
001 B1027
008 090401t1969 xxu||||| |||| 00| 0 eng d
035 _a(Sirsi) u42270
041 _aeng
050 _a690.24
110 _aMinistry of Public Building and Works
_9592
245 _aConference: profitable building maintenance.
260 _aLondon
_bMinistry of Public Building and Works
_c1969
300 _avii, 338p. ; 30cm.
350 _a0
520 _aConference jointly sponsored by the Ministry of Public Building and Works and the journal Maintenance Engineering .
650 _aBUILT ENVIRONMENT-BUILDING MAINTENANCE AND REFURBISHMENT
650 _aCONFERENCES
650 _aNATIONAL BUILDING MAINTENANCE CONFERENCE
690 _aBUILDING AND CONSTRUCTION-REPAIRS AND MAINTENANCE
942 _n0
948 _c04/03/1997
999 _c91055
_d91055